|
|
|
|
| LEADER |
01089ppm a22002658a 4500 |
| 001 |
00046285 |
| 008 |
121120s2010 ||||||viesd |
| 005 |
20210125140133.0 |
| 041 |
0 |
# |
|a vie
|
| 082 |
1 |
4 |
|b NGH305C
|a 005.8
|
| 100 |
1 |
# |
|a Lương, Thái Ngọc
|
| 245 |
0 |
0 |
|c Lương Thái Ngọc; Võ Thanh Tú (hướng dẫn)
|a Nghiên cứu một số giải pháp nâng cao an ninh trên mạng Internet
|b Luận án tiến sĩ khoa học máy tính. Chuyên ngành: Khoa học máy tính. Mã số: 9480101
|
| 260 |
# |
# |
|a Huế
|b Đại học Huế
|c 2020
|
| 300 |
# |
# |
|a 129 tr.
|c 30cm
|e 2 bản tóm tắt
|
| 500 |
# |
# |
|a ĐTTS ghi: Đại học Huế. Trường Đại học Khoa học
|
| 653 |
# |
# |
|a An ninh mạng
|
| 653 |
# |
# |
|a Việt Nam
|
| 653 |
# |
# |
|a Tin học
|
| 653 |
# |
# |
|a Giải pháp
|
| 653 |
# |
# |
|a Luận án
|
| 653 |
# |
# |
|a Nghiên cứu
|
| 700 |
1 |
# |
|a Võ, Thanh Tú
|e Hướng dẫn
|
| 852 |
# |
# |
|j LA.0000343
|
| 910 |
# |
# |
|d 25/01/2021
|
| 980 |
# |
# |
|a Trung tâm Học liệu Lê Vũ Hùng, Trường Đại học Đồng Tháp
|